000 00587cam a22002053a 4500
001 33458
003 PGUSA
005 20140828083725.0
008 100818s2010||||xxu|||||s|||||000 | eng d
040 _aPGUSA
_beng
042 _adc
100 1 _aGarland, Hamlin,
_d1860-1940
245 1 4 _aThe Captain of the Gray-Horse Troop
_h[electronic resource] /
_cHamlin Garland
260 _bProject Gutenberg,
_c2010
506 _aPublic domain in the USA.
516 _aElectronic text
830 0 _aProject Gutenberg
_v33458
856 4 0 _uhttp://www.gutenberg.org/ebooks/33458
942 _cEB
999 _c262713
_d262713